| 000 -LEADER |
| fixed length control field |
00420cam a22001097a 4500 |
| 008 - FIXED-LENGTH DATA ELEMENTS--GENERAL INFORMATION |
| fixed length control field |
180718b1981 xxu||||| |||| 00| 0 eng d |
| 082 ## - DEWEY DECIMAL CLASSIFICATION NUMBER |
| Classification number |
Q6 Un3in |
| 245 ## - TITLE STATEMENT |
| Title |
Integration of disabled perons into community life |
| Statement of responsibility, etc. |
by Department of International Economic And Social Affairs,New York |
| 260 ## - PUBLICATION, DISTRIBUTION, ETC. |
| Place of publication, distribution, etc. |
New York |
| Name of publisher, distributor, etc. |
United Nations |
| Date of publication, distribution, etc. |
1981 |
| 300 ## - PHYSICAL DESCRIPTION |
| Extent |
iv,84p. |
| 700 ## - ADDED ENTRY--PERSONAL NAME |
| Personal name |
U.S.A.Department of International Economic And Social Affairs, |